000 00541nam a2200181Ia 4500
003 GCL
008 140319s9999 xx 000 0 ara d
040 _aGCL /
_cGCL
082 0 4 _a347
_bم ق
100 1 _aمأمون محمد سلامة
245 1 0 _aقانون العقوبات ( الالقسم العام ) /
_cمأمون محمد سلامة
260 _a[S.N] :
_bدار الفكر العربى ،
_c1990
300 _a782 ص
490 _a
650 0 4 _aالقانون
650 0 4 _aقانون العقوبات
942 _2ddc
_cBK
999 _c31923
_d31923